
Library Catalogue

| 000 -LEADER | |
|---|---|
| fixed length control field | 01241nam a2200145Ia 4500 |
| 005 - DATE AND TIME OF LATEST TRANSACTION | |
| control field | 20260209120130.0 |
| 008 - FIXED-LENGTH DATA ELEMENTS--GENERAL INFORMATION | |
| fixed length control field | 260209s9999||||xx |||||||||||||| ||und|| |
| 100 ## - MAIN ENTRY--PERSONAL NAME | |
| Personal name | Abhinav Vardhan Sharma |
| 245 #0 - TITLE STATEMENT | |
| Title | Constitutional status of the president under the Indian constitution |
| 260 ## - PUBLICATION, DISTRIBUTION, ETC. | |
| Place of publication, distribution, etc. | BangaloreBangalore |
| Name of publisher, distributor, etc. | NLSIU |
| Date of publication, distribution, etc. | 2011 |
| 300 ## - PHYSICAL DESCRIPTION | |
| Extent | 68 p. ; 25 cm. |
| 505 ## - FORMATTED CONTENTS NOTE | |
| Formatted contents note | TABLE OF CONTENTS Declaration; Acknowledgment; Bonafide Certificate; Table of Contents; Table of cases; INTRODUCTION; Research Methodology; CHAPTER I: THE PRESIDENTIAL STATUS, POWERS AND ITS FUNCTIONS; • Powers of President; • State Emergency (Art. 356); CHAPTER II: PRESIDENT VIs-A-VIS COUNCIL OF MINISTERS; • President's discretionary powers in parallel with the Centre's opinion; CHAPTER III: PRESIDENT'S RULE AND FEDERAL STRUCTURE UNDER THE CONSTITUTION OF INDIA; • Protection Of Union & State Government In Parliamentary System; CHAPTER IV: SAFEGUARD AGAINST PRESIDENTIAL; DICTATORSHIP VIs-A-VIS CABINET DICTATORSHIP; • Safeguards against Presidential Dictatorship; • Safeguards against Cabinet Dictatorship; CONCLUSION ; BIBLIOGRAPHY . |
| 700 ## - ADDED ENTRY--PERSONAL NAME | |
| Personal name | Prof. V S Mallar -GuideProf. V S Mallar -Guide |
| 856 ## - ELECTRONIC LOCATION AND ACCESS | |
| Uniform Resource Identifier | <a href="https://dans.nls.ac.in/handle/123456789/1882">https://dans.nls.ac.in/handle/123456789/1882</a> |
| Withdrawn status | Lost status | Damaged status | Not for loan | Home library | Current library | Date acquired | Total Checkouts | Barcode | Date last seen | Price effective from | Koha item type |
|---|---|---|---|---|---|---|---|---|---|---|---|
| . | . | 09.02.2026 | LLM372 | 09.02.2026 | 09.02.2026 | Dissertation |